International relations (Record no. 3139)

000 -LEADER
fixed length control field 00407nam a22001337a 4500
020 ## - INTERNATIONAL STANDARD BOOK NUMBER
International Standard Book Number 9788178442211
082 ## - DEWEY DECIMAL CLASSIFICATION NUMBER
Classification number 327
100 ## - MAIN ENTRY--PERSONAL NAME
Personal name Kishore Raghwendra
245 ## - TITLE STATEMENT
Title International relations
260 ## - PUBLICATION, DISTRIBUTION, ETC.
Place of publication, distribution, etc. New Delhi
Name of publisher, distributor, etc. K.K publications
Date of publication, distribution, etc. 2014
300 ## - PHYSICAL DESCRIPTION
Extent 256p
942 ## - ADDED ENTRY ELEMENTS (KOHA)
Koha item type Book
Holdings
Withdrawn status Lost status Damaged status Not for loan Collection code Permanent Location Current Location Shelving location Date acquired Total Checkouts Total Renewals Full call number Barcode Date last seen Date last checked out Price effective from Koha item type
          Central Library (CL) Central Library (CL) General Stacks 05/16/2016 5 1 327 KIS S3H-S-373 08/18/2025 10/16/2020 05/16/2016 Book
© 2023 Central Library, National University of Sciences and Technology. All Rights Reserved.